NFL Standings All Time - Statistics

General Stats
  • This quiz has been taken 261 times
  • The average score is 10 of 32
Answer Stats
Place Pct. Team % Correct
1 .573 Dallas Cowboys
94%
2 .565 Green Bay Packers
81%
3 .562 Chicago Bears
55%
5 .558 New England Patriots
50%
4 .559 Miami Dolphins
41%
11 .532 Pittsburgh Steelers
38%
8 .539 New York Giants
35%
7 .541 Baltimore Ravens
34%
6 .546 Minnesota Vikings
33%
10 .534 San Francisco 49ers
33%
32 .387 Tampa Bay Buccaneers
31%
9 .537 Denver Broncos
30%
12 .529 Oakland Raiders
26%
24 .461 Detroit Lions
24%
30 .430 Houston Texans
24%
14 .524 Kansas City Chiefs
24%
26 .454 New York Jets
24%
20 .490 Cleveland Browns
23%
13 .527 Indianapolis Colts
23%
27 .448 Jacksonville Jaguars
22%
18 .498 Los Angeles Rams
22%
25 .457 Cincinnati Bengals
21%
28 .447 New Orleans Saints
21%
23 .467 Buffalo Bills
20%
19 .498 Los Angeles Chargers
20%
16 .506 Washington Redskins
20%
31 .429 Arizona Cardinals
19%
17 .499 Carolina Panthers
19%
21 .489 Philadelphia Eagles
19%
15 .507 Seattle Seahawks
19%
22 .481 Tennessee Titans
19%
29 .443 Atlanta Falcons
18%
No matching quizzes found
Score Distribution
Percent of People with Each Score
Percentile by Number Answered
Your Score History
You have not taken this quiz